00394nam a22001337a 450000500170000000800410001704100120005808200130007010000120008324500440009526000640013930000320020365000250023520240821060353.0240821b |||||||| |||| 00| 0 eng d aEnglish a349 LAW  lEnglish aThe Law Reports: Common Pleas Division  aLondon: bThe Incorporated Council of Law Reporting, c1876 bxxvii, 814 pages; c25 cm.  aLegal practice bLaw